The dancing star, or, The smuggler of the Chesapeake : a story of the coast and sea /

Bibliographic Details
Main Author: Willis, F. R.
Format: Microform Book
Language:English
Published: Boston : F. Gleason, 1851.

MARC

Tag First Indicator Second Indicator Subfields
LEADER 00000cam a2200000 a 4500
001 in00000747708
005 20151016155352.0
007 hd afa014baca
008 760817s1851 ctu a 00011 eng d
035 |a (OCoLC)02380492 
035 |9 ADH9060AM 
040 |a JNA  |c JNA  |d LWS  |d UtOrBLW 
049 |a TXAI 
090 |a PS15 
099 |a film  |a B  |a 1551 
100 1 |a Willis, F. R. 
245 1 4 |a The dancing star, or, The smuggler of the Chesapeake :  |b a story of the coast and sea /  |c F.R. Willis. 
264 1 |a Boston :  |b F. Gleason,  |c 1851. 
300 |a 100 pages 
336 |a text  |b txt  |2 rdacontent 
337 |a microform  |b h  |2 rdamedia 
338 |a microfilm reel  |b hd  |2 rdacarrier 
533 |a Microfilm.  |b Woodbridge, Conn. :  |c Research Publications,  |d 1970-1978.  |e 1 microfilm reel ; 35 mm.  |f (Wright American fiction ; v. 2 (1851-1875), reel W-24, no. 2757A) 
500 |a Microform. 
999 |a MARS 
999 f f |s ac16b45d-73ce-3866-a801-cc7dd7aa4d2c  |i 3df4a0c3-f0c1-305f-91ff-b45b402e7118  |t 0 
952 f f |p default  |a Texas A&M University  |b College Station  |c Sterling C. Evans Library  |d Evans: Microforms (3rd floor)  |t 0  |e film B 1551 v.2 reel W-24 no.2757a  |h Other scheme  |i microform -- microfilm reel 
998 f f |a film B 1551 v.2 reel W-24 no.2757a  |t 0  |l Evans: Microforms (3rd floor)